| 000 | 00835nam a2200217 i 4500 | ||
|---|---|---|---|
| 001 | 23360 | ||
| 003 | ES-MaACL | ||
| 005 | 20250809025039.0 | ||
| 007 | t| | ||
| 008 | 021210s1898 sp ||||1| spa d | ||
| 100 | 1 |
_aAlvarez Arranz, José. _920698 |
|
| 245 | 1 | 0 |
_aExamen de algunas cuestiones de derecho internacional público / _cJosé Alvarez Arraz ; con un prólogo de Alfonso Retortillo y Tornos. |
| 260 |
_aMadrid : _b[s.n.], _c1898 ( _fImp. de los Hijos de M.G. Hernández) |
||
| 300 |
_a138 p. ; _c20 cm. |
||
| 530 | _aDisponible en formato digital. | ||
| 650 | 0 | 7 |
_aDerecho internacional público _2embne _911723 |
| 700 | 1 |
_aRetortillo y Tornos, Alfonso. _996367 |
|
| 852 |
_aES-MaACL _jT-937-F-2 |
||
| 856 |
_uhttp://bdh-rd.bne.es/viewer.vm?id=0000131665&page=1 _zBiblioteca Digital Hispánica |
||
| 999 |
_c23360 _d23360 |
||